Programovanie osobného mikropočítača PMD-85 v jazyku BASIC-G

Salvato in:
Dettagli Bibliografici
Autore principale: Burger, Ivan
Natura: Libro
Lingua:slovacco
Pubblicazione: Bratislava Dom techn. ČSVTS 1986
Edizione:1. vyd.
Tags: Aggiungi Tag
Nessun Tag, puoi essere il primo ad aggiungerne!!

MARC

LEADER 00000nam a2200000 4500
001 c039218
005 20250219094856.0
041 0 |a slo 
044 |a SK 
245 1 0 |a Programovanie osobného mikropočítača PMD-85 v jazyku BASIC-G  |c Ivan Burger 
250 |a 1. vyd. 
264 1 |a Bratislava  |b Dom techn. ČSVTS  |c 1986 
300 |a 112 s. 
100 1 |a Burger, Ivan